The beginnings of astrology in America : astrology and the re-emergence of cosmic religion /

Bibliographic Details
Other Authors: Lewis, James R.
Format: Book
Language:English
Published: New York : Garland Pub., 1990.
Series:Cults and new religions.
Subjects:

MARC

Tag First Indicator Second Indicator Subfields
LEADER 00000cam a22000008a 4500
001 in00000915313
005 20150924123119.0
008 891004r19901897nyua 00000 eng
010 |a  89028583  
020 |a 0824043642 (alk. paper) 
035 |a (OCoLC)20564633 
035 |9 AEP0685AM 
040 |a DLC  |c DLC  |d TXA  |d UtOrBLW 
043 |a n-us--- 
049 |a TXAM  |c [A13150633] 
050 0 0 |a BF1729.R4  |b A88 1990 
050 4 |a BF1729.R4  |b B43 1990 
082 0 |a 133.5  |2 20 
245 0 4 |a The beginnings of astrology in America :  |b astrology and the re-emergence of cosmic religion /  |c edited with an introduction by James R. Lewis. 
263 |a 9001 
264 1 |a New York :  |b Garland Pub.,  |c 1990. 
300 |a 1 volume (various pagings) :  |b illustrations 
336 |a text  |b txt  |2 rdacontent 
337 |a unmediated  |b n  |2 rdamedia 
338 |a volume  |b nc  |2 rdacarrier 
490 1 |a Cults and new religions 
500 |a Reprint of works originally published 1897-1934. 
505 0 |a Periodicity / Jos. Rodes Buchanan -- Dr. Karr's guide to success and happiness / Frederick Karr -- Metaphysical astrology / John Hazelrigg -- The Astrologer's vade mecum / W.H. Chaney -- The daily guide / S. Gargilis -- A brief history of astrology / Temple Hungad -- How to succeed in the study and practice of astrology / Llewellyn George -- The story of the zodiac, its antiquity and its message / A.E. Partridge. 
650 0 |a Astrology, American. 
650 0 |a Cults  |z United States. 
650 0 |a Occultism  |x Religious aspects. 
700 1 |a Lewis, James R. 
830 0 |a Cults and new religions. 
999 |a MARS 
999 f f |s 3e7866fc-da64-3389-8093-566b6f7c230b  |i 8abb0161-b6b9-303a-aa08-290e81ceeb19  |t 0 
952 f f |p ric  |a Texas A&M University  |b Rellis Campus  |c Joint Library Facility  |d Remote Storage  |t 0  |e BF1729.R4 B43 1990  |h Library of Congress classification  |i unmediated -- volume  |m A14813150633 
998 f f |a BF1729.R4 B43 1990  |t 0  |l Remote Storage